|
|
|
|
| LEADER |
01551nam a2200373 a 4500 |
| 001 |
EBC735666 |
| 003 |
MiAaPQ |
| 005 |
20200520144314.0 |
| 006 |
m o d | |
| 007 |
cr cn||||||||| |
| 008 |
110714s2011 nyu sb 001 0 eng d |
| 010 |
|
|
|z 2005003746
|
| 020 |
|
|
|z 9780765619921
|
| 020 |
|
|
|a 9780765629968 (electronic bk.)
|
| 035 |
|
|
|a (MiAaPQ)EBC735666
|
| 035 |
|
|
|a (Au-PeEL)EBL735666
|
| 035 |
|
|
|a (CaPaEBR)ebr10481081
|
| 035 |
|
|
|a (CaONFJC)MIL315325
|
| 035 |
|
|
|a (OCoLC)743227367
|
| 040 |
|
|
|a MiAaPQ
|c MiAaPQ
|d MiAaPQ
|
| 050 |
|
4 |
|a BF315
|b .M56 2011
|
| 100 |
1 |
|
|a Miner, John B.
|
| 245 |
1 |
0 |
|a Integrated theory development and the role of the unconscious
|h [electronic resource] /
|c John B. Miner.
|
| 260 |
|
|
|a Armonk, N.Y. :
|b M.E. Sharpe,
|c 2011.
|
| 300 |
|
|
|a xxiv, 365 p.
|
| 490 |
0 |
|
|a Organizational behavior ;
|v 6
|
| 504 |
|
|
|a Includes bibliographical references and indexes.
|
| 505 |
0 |
|
|a pt. 1. Theories of motivation -- pt. 2. Theories of leadership -- pt. 3. Organizational decision making -- pt. 4. Systems concepts of organizations -- pt. 5. Bureaucracy-related concepts -- Sociological concepts of organization.
|
| 533 |
|
|
|a Electronic reproduction. Ann Arbor, MI : ProQuest, 2015. Available via World Wide Web. Access may be limited to ProQuest affiliated libraries.
|
| 650 |
|
0 |
|a Subconsciousness.
|
| 650 |
|
0 |
|a Organizational behavior.
|
| 655 |
|
4 |
|a Electronic books.
|
| 710 |
2 |
|
|a ProQuest (Firm)
|
| 856 |
4 |
0 |
|u https://ebookcentral.proquest.com/lib/matrademy/detail.action?docID=735666
|z Click to View
|